00559nam a22001812 4500001001100000005001700011008004100028020001700069040001500086100003800101245008200139250001300221260005300234300001700287650003600304700003400340852000300374000001910020151217152145.0100915s xx 000 0 eng d a9966999728 : aKABUcKABU1 aMarete, George Mwiti.@000017873410aPepo :bdiwani ya malenga wa mlima Meru /cRocha Chimerah na Kaimenyi Marete. a1st ed. aNakuru, Kenya :bMedia Document Supplies,c1999. axii, 109 p. 0aSwahili literature.@00001787351 aMarete, Kaimenyi.@00001787361